<?xml version="1.0" encoding="UTF-8"?>
<collection xmlns:xsi="http://www.w3.org/2001/XMLSchema-instance" xsi:schemaLocation="http://www.loc.gov/MARC21/slim http://www.loc.gov/standards/marcxml/schema/MARC21slim.xsd" xmlns="http://www.loc.gov/MARC21/slim">
 <record>
  <leader>00000nam a22000004i 4500</leader>
  <controlfield tag="001">UP-99849408841473287</controlfield>
  <controlfield tag="003">Buklod</controlfield>
  <controlfield tag="005">20250212164135.0</controlfield>
  <controlfield tag="006">a     r    |||| u|</controlfield>
  <controlfield tag="007">ta</controlfield>
  <controlfield tag="008">250212s2021    ph d   gr     001 0deng d</controlfield>
  <datafield tag="020" ind1=" " ind2=" ">
   <subfield code="a">9786210215717 (hbd.)</subfield>
  </datafield>
  <datafield tag="037" ind1=" " ind2=" ">
   <subfield code="a">Pu-F-2486g</subfield>
   <subfield code="c">Gift (by Severo Cañete Madrona Jr.)</subfield>
  </datafield>
  <datafield tag="040" ind1=" " ind2=" ">
   <subfield code="a">DCPA</subfield>
   <subfield code="e">rda</subfield>
  </datafield>
  <datafield tag="041" ind1=" " ind2=" ">
   <subfield code="a">eng</subfield>
  </datafield>
  <datafield tag="042" ind1=" " ind2=" ">
   <subfield code="a">DMLUC</subfield>
  </datafield>
  <datafield tag="090" ind1=" " ind2=" ">
   <subfield code="a">DS 681.7</subfield>
   <subfield code="b">M33 2021</subfield>
  </datafield>
  <datafield tag="100" ind1="1" ind2=" ">
   <subfield code="a">Madrona, Severo Cañete</subfield>
   <subfield code="c">Jr.</subfield>
   <subfield code="e">author.</subfield>
  </datafield>
  <datafield tag="245" ind1="1" ind2="4">
   <subfield code="a">The period of immobilisme  </subfield>
   <subfield code="b">Philippine foreign relations during the administrations of Carlos P. Garcia and Diosdado P. Macapagal, 1957-1965</subfield>
   <subfield code="c">Severo Cañete Madrona, Jr.</subfield>
  </datafield>
  <datafield tag="264" ind1=" " ind2="1">
   <subfield code="a">Quezon City</subfield>
   <subfield code="b">Central Books Supply</subfield>
   <subfield code="c">[©2021]</subfield>
  </datafield>
  <datafield tag="300" ind1=" " ind2=" ">
   <subfield code="a">viii, 279 pages</subfield>
   <subfield code="c">24 cm</subfield>
  </datafield>
  <datafield tag="336" ind1=" " ind2=" ">
   <subfield code="a">text</subfield>
   <subfield code="2">rdacontent</subfield>
  </datafield>
  <datafield tag="337" ind1=" " ind2=" ">
   <subfield code="a">unmediated</subfield>
   <subfield code="2">rdamedia</subfield>
  </datafield>
  <datafield tag="338" ind1=" " ind2=" ">
   <subfield code="a">volume</subfield>
   <subfield code="2">rdacarrier</subfield>
  </datafield>
  <datafield tag="500" ind1=" " ind2=" ">
   <subfield code="a">[Based on the author’s dissertation entitled, The foreign policies of the Philippines in the period of immobilisme, 1957-1965, for Ph.D. History from the Department of History, College of Social Science and Philosophy, University of the Philippines Diliman, 2014]</subfield>
  </datafield>
  <datafield tag="504" ind1=" " ind2=" ">
   <subfield code="a">Includes bibliographical references</subfield>
  </datafield>
  <datafield tag="505" ind1="0" ind2=" ">
   <subfield code="a">Introduction  --  CHAPTER ONE  TURMOIL : The Period of 1957-1965, The operating Milieu -- CHAPTER TWO   UPHEAVAL:  The Formulation and Espousal of Philippine Foreign Policies in the Period of Immobilisme  --  CHAPTER THREE   CONFUSION:  Implementation and Evaluation of the Philippine Foreign Policies in the period of Immobilisme  --  CHAPTER FOUR   CONCLUSION.</subfield>
  </datafield>
  <datafield tag="520" ind1="0" ind2=" ">
   <subfield code="a">This book is written to provide an in-depth study of the key factors that paved the way for the shift in the Philippine foreign policy orientation from 1957 to 1965. It presents a case study in the formulation and implementation of Philippine foreign policy. It examines the factors and reasons on how and why the foreign policies of the Philippines during the period of immobilisme were formulated and implemented from 1957 to 1965. By Using the ecological perspective in foreign policy analysis, this study examines the milieu of the period resulting in the formulation and implementation of foreign policies by Presidents Carlos P. Garcia and Diosdado P. Macapagal. The empirical evidence suggests that while Garcia and Macapagal’s foreign policies were responsive to the milieu, the desired outcomes were not achieved as the personnel implementing the foreign policies had failed to make the policies understood by the international community and the Filipino people.</subfield>
   <subfield code="c">Provided by publisher</subfield>
  </datafield>
  <datafield tag="651" ind1=" " ind2="0">
   <subfield code="a">Philippines</subfield>
   <subfield code="x">Foreign relations</subfield>
   <subfield code="y">1946-1973.</subfield>
  </datafield>
  <datafield tag="651" ind1=" " ind2="0">
   <subfield code="a">Philippines</subfield>
   <subfield code="x">Foreign relations administration</subfield>
   <subfield code="y">1946-1973.</subfield>
  </datafield>
  <datafield tag="905" ind1=" " ind2=" ">
   <subfield code="a">FI</subfield>
  </datafield>
  <datafield tag="852" ind1="0" ind2=" ">
   <subfield code="a">UPD</subfield>
   <subfield code="b">DCPA</subfield>
   <subfield code="h">DS 681.7</subfield>
   <subfield code="i">M33 2021</subfield>
  </datafield>
  <datafield tag="856" ind1="4" ind2="0">
   <subfield code="y">Table of Contents</subfield>
   <subfield code="u">https://drive.google.com/file/d/1ITOIzrIH9XJBBVQi5GuxvAiZ8MrE2lc8/view</subfield>
   <subfield code="q">application/pdf</subfield>
   <subfield code="s">1.83 Mb</subfield>
   <subfield code="z">Open Access</subfield>
   <subfield code="7">0</subfield>
  </datafield>
  <datafield tag="942" ind1=" " ind2=" ">
   <subfield code="a">Book</subfield>
  </datafield>
 </record>
</collection>
